Is government funding alone sufficient for the needs of primary schools? (Record no. 48366)

MARC details
000 -LEADER
fixed length control field 00458nam a2200121 a 4500
008 - FIXED-LENGTH DATA ELEMENTS--GENERAL INFORMATION
fixed length control field 120416s9999 ||||||||||||||||| || u
050 ## - LIBRARY OF CONGRESS CALL NUMBER
Classification number CBU-UG THESIS/MPE
100 ## - MAIN ENTRY--PERSONAL NAME
Personal name Mpempulwa, Broadrick
245 10 - TITLE STATEMENT
Title Is government funding alone sufficient for the needs of primary schools?
260 ## - PUBLICATION, DISTRIBUTION, ETC.
Place of publication, distribution, etc. 2003
350 ## - PRICE (NR) (BK AM CF MU VM SE) [OBSOLETE]
Price 0.00
995 ## - RECOMMENDATION 995 [LOCAL, UNIMARC FRANCE]
-- 0.00
-- CBU-MAIN LIBRARY (Kitwe)
-- 1
-- 0.00
-- AVAILABLE
-- University Collection
Holdings
Withdrawn status Lost status Source of classification or shelving scheme Damaged status Not for loan Home library Current library Shelving location Date acquired Total Checkouts Full call number Barcode Date last seen Price effective from Koha item type
          CBU-MAIN LIBRARY, KITWE. CBU-MAIN LIBRARY, KITWE.   11/30/2022   CBU-UG THESIS/MPE 9018116 11/30/2022 11/30/2022 MONOGRAPH